000
00270nam a22001097a 4500
082
_a
300.321 SOC'K
100
_a
KUPER, ADAM
_9
37523
245
_a
THE SOCIAL SCIENCE ENCYCLOPEDIA
260
_a
PAKISTAN
_b
ARMY EDUCATION PRESS
_c
1985
300
_a
XXVIII,916P
942
_c
BK
999
_c
585510
_d
585510